000 00803nam a2200241 a 4500
001 BRL_489
005 20190320210751.0
008 200813s1962----gw-abo####---#000-0#ger-#
041 _ager
044 _agw
050 4 _aN5305
_b.K86 6 1962
245 1 0 _aAlt-Iran
_bDie Kunst in Vorislamischer Zeit
_cVon Edith Porada... [et. al.]
260 _aGermany
_bHolle-Verlag Baden-Baden
_c1962
300 _a286 p.
_b61 il. (algunas a color)
_c23 cm.
440 0 _aKunst der Welt; ihre geschichtlichen, soziologischen und religiösen Grundlagen
_pDie aussereuropäischen Kulturen
_v6
_924083
500 _aAu526
500 _aBibliografía: p.255-260
650 1 4 _aArte iranio
_xHistoria
_924084
650 1 4 _aArte antiguo
_zIrán
_924085
700 1 _aPorada, Edith
_924086
902 _aGRL
942 _2lcc
_cB
999 _c9301
_d9301